| 000 | 02155cam a22004814i 4500 | ||
|---|---|---|---|
| 003 | PE-LiUPU | ||
| 005 | 20250731173151.0 | ||
| 008 | 150623s r 000 0 d | ||
| 020 | _a3631519591 | ||
| 035 | _a(Sirsi) i9783631519592 | ||
| 040 |
_aPE-LiUPU _bspa _cPE-LiUPU _erda |
||
| 049 | _aPRUA | ||
| 082 | 0 | 4 |
_a266.07 _bN63 _221 |
| 100 | 1 |
_aNissen, Johannes, _eautor. |
|
| 245 | 1 | 0 |
_aNew Testament and mission : _bhistorical and hermeneutical perspectives / _cJohannes Nissen. |
| 250 | _a3a | ||
| 264 | 1 |
_aGermany : _bPeter Lang, _c2004. |
|
| 300 |
_a196 páginas ; _c21 centímetros |
||
| 336 |
_atext _2rdacontent |
||
| 337 |
_aunmediated _2rdamedia |
||
| 338 |
_avolume _2rdacarrier |
||
| 505 | 0 | _aAim and method of this study. Mission as disciple-making: the gospel of matthew. Crossing boundaries: mission in Mark's gospel. The liberating ministry of Jesus and the Acts of the Spirit: the mission perspectives of Luke-Acts. Sent into the world: mission and incarnation in the fourth gospel. Constrained by the love of God: Paul's fondation and practice of mission. Proclamation and confrontation: the witness to powers and authorities-Colossians and Ephesians. Hope and witness: mission in 1 Peter and the book of Revelation. Mission, culture, and dialogue: New Testament perspectives and present challenges. | |
| 526 | _aSEG42 | ||
| 526 | _aSEG41 | ||
| 526 | _aSEG40 | ||
| 526 | _aSEG39 | ||
| 526 | _aP94 | ||
| 526 | _aP87 | ||
| 526 | _aP86 | ||
| 526 | _aP85 | ||
| 526 | _aP77 | ||
| 526 | _aP76 | ||
| 526 | _aP35 | ||
| 650 | 0 | 4 | _aIglesia en el mundo. |
| 650 | 0 | 4 | _aMisión de la iglesia (Evangelio de Mateo). |
| 650 | 0 | 4 |
_aMisión de la iglesia _xEstudio (N.T.). |
| 942 |
_2ddc _cBOOK |
||
| 949 |
_a266.07 N63 _wDEWEY _c1 _i53442 _lCCODEBUL1 _mBUL _p31.00 _r0 _sY _tBOOK _u2015-6-24 _xTEOLOGIA _PP35 _0COMPRA _o.STAFF. Colección General |
||
| 994 |
_aC0 _bPEPRU |
||
| 596 | _a1 | ||
| 999 |
_a266.07 N63 _wDEWEY _c35413 _i53442 _d35413 _f2021-11-10 _g5 _lCCODEBUL1 _mBUL _p31.00 _q2 _r0 _sY _tBOOK _u2015-6-24 _xTEOLOGIA _PP35 _0COMPRA _o.STAFF. Colección General |
||
| 980 |
_81 _gALBERTO SANCHEZ Responsable de Automatización |
||